LIBRARY ONLINE CATALOGUE

Andrew Fuller : (Record no. 21708)

MARC details
000 -LEADER
fixed length control field 01727cam a2200385 i 4500
001 - CONTROL NUMBER
control field 18934332
003 - CONTROL NUMBER IDENTIFIER
control field OSt
005 - DATE AND TIME OF LATEST TRANSACTION
control field 20260617151841.0
008 - FIXED-LENGTH DATA ELEMENTS--GENERAL INFORMATION
fixed length control field 160112s2016 ilu b 000 0beng
010 ## - LIBRARY OF CONGRESS CONTROL NUMBER
LC control number 2016000996
020 ## - INTERNATIONAL STANDARD BOOK NUMBER
International Standard Book Number 9781433551895
Qualifying information tp
035 ## - SYSTEM CONTROL NUMBER
System control number 18934332
040 ## - CATALOGING SOURCE
Original cataloging agency DLC
Language of cataloging eng
Transcribing agency DLC
Description conventions rda
Modifying agency DLC
042 ## - AUTHENTICATION CODE
Authentication code pcc
050 00 - LIBRARY OF CONGRESS CALL NUMBER
Classification number BX6495.F75
Item number P57 2016
082 00 - DEWEY DECIMAL CLASSIFICATION NUMBER
Classification number 286/.1092
-- B
Edition number 23
100 1# - MAIN ENTRY--PERSONAL NAME
Personal name Piper, John,
Dates associated with a name 1946-
Relator term author.
245 10 - TITLE STATEMENT
Title Andrew Fuller :
Remainder of title holy faith, worthy gospel, world mission /
Statement of responsibility, etc. John Piper ; foreword by Michael A. G. Haykin.
264 #1 - PRODUCTION, PUBLICATION, DISTRIBUTION, MANUFACTURE, AND COPYRIGHT NOTICE
Place of production, publication, distribution, manufacture Wheaton, Illinois :
Name of producer, publisher, distributor, manufacturer Crossway,
Date of production, publication, distribution, manufacture, or copyright notice [2016]
300 ## - PHYSICAL DESCRIPTION
Extent 57 pages ;
Dimensions 20 cm
336 ## - CONTENT TYPE
Content type term text
Content type code txt
Source rdacontent
337 ## - MEDIA TYPE
Media type term unmediated
Media type code n
Source rdamedia
338 ## - CARRIER TYPE
Carrier type term volume
Carrier type code nc
Source rdacarrier
504 ## - BIBLIOGRAPHY, ETC. NOTE
Bibliography, etc Includes bibliographical references.
505 0# - FORMATTED CONTENTS NOTE
Formatted contents note An Andrew Fuller chronology -- A mind for modern missions -- Great gain, great loss, great perseverance -- Andrew Fuller, the thinker -- Fuller against hyper-Calvinism -- Fuller against Sandemanianism -- The vital link between doctrine and world missions.
583 ## - ACTION NOTE
Action Cataloguing:
Time/date of action 20260617
Action agent gtanuigtanui
600 10 - SUBJECT ADDED ENTRY--PERSONAL NAME
Personal name Fuller, Andrew,
Dates associated with a name 1754-1815.
650 #0 - SUBJECT ADDED ENTRY--TOPICAL TERM
Topical term or geographic name as entry element Baptists
Geographic subdivision England
General subdivision Clergy
Form subdivision Biography.
655 #7 - INDEX TERM--GENRE/FORM
Genre/form data or focus term Biographies.
Source of term lcgft
Authority record control number https://id.loc.gov/authorities/genreForms/gf2014026049
776 08 - ADDITIONAL PHYSICAL FORM ENTRY
Relationship information Online version:
Main entry heading Piper, John, 1946- author.
Title Andrew Fuller
Place, publisher, and date of publication Wheaton : Crossway, 2016
International Standard Book Number 9781433551925
Record control number (DLC) 2016013575
906 ## - LOCAL DATA ELEMENT F, LDF (RLIN)
a 7
b cbc
c orignew
d 1
e ecip
f 20
g y-gencatlg
942 ## - ADDED ENTRY ELEMENTS (KOHA)
Source of classification or shelving scheme Library of Congress Classification
Koha item type General Collection
Holdings
Withdrawn status Lost status Source of classification or shelving scheme Not for loan Home library Current library Shelving location Date acquired Source of acquisition Inventory number Total Checkouts Full call number Barcode Date last seen Copy number Price effective from Koha item type
    Library of Congress Classification   Kabarak, Main Campus Kabarak, Main Campus General Stacks 17/06/2026 Donation 2026/3941   BX6495.F75 P57 2016 C.1 37898 17/06/2026 C.1 17/06/2026 General Collection